Visita de obreros previsores a la exposición de Barcelona : organizada por el Instituto Nacional de Previsión con la cooperación de sus cajas col·laboradoras : del 21 al 30 de octubre de 1929 organizada por el Instituto Nacional de Previsión con la cooperación de sus cajas col·laboradoras :

Descripción Física: 19 p. ; 16 cm

MARC

LEADER 00000nam a2200000Ia 4500
001 16662
008 160829s1929 xx 000 0 cat d
080 |a RF-15-1 
245 |a Visita de obreros previsores a la exposición de Barcelona :  |b  organizada por el Instituto Nacional de Previsión con la cooperación de sus cajas col·laboradoras :  |b  del 21 al 30 de octubre de 1929 
250 |a 2a ed. 
260 |a Madrid :  |b Oficina Tipográfica del Instituto Nacional de Previsión,  |c 1929 
300 |a 19 p. ;  |c 16 cm 
590 |a Prové de 3930, exp. 707 
650 |a Exposición Internacional de Barcelona (1929)  
650 |a Instituto Nacional de Previsión (Espanya)  |9 47015 
856 4 |u https://media.diba.cat/diba/fitxers/arxiu/fulletons/bib_16662_1929_baixa.pdf  |y Accés lliure 
856 4 |u https://media.diba.cat/diba/fitxers/arxiu/fulletons/bib_16662_1929_baixa.pdf  |y Accés lliure 
901 |a Arxiu 
942 |n 1  |2 udc 
952 |0 0  |1 0  |4 0  |6 RF151  |7 1  |9 53600  |a Arxiu  |b Arxiu  |d 2016-12-01  |l 0  |o RF-15-1  |p 16662  |r 2016-12-01 00:00:00  |w 2016-12-01  |y ARXIU 
999 |c 57466  |d 57466 
900 |a bib_16662_1929_baixa.pdf